000 00879nam a2200229Ii 4500
003 JO-AjNU
008 230605s9999||||xx |||||||||||||| ||und||
017 _a2019/7/3813
020 _a978-9957-18-734-7
040 _aJO-AjNU
_bara
_erda
_cJO-AjNU
041 _aara
050 1 4 _aPJ7541 2020
100 3 _aتاليف: قاسي، صبيرة,
_eauthor
_960682
245 0 0 _aمدخل الى الشعر العربي المعاصر: التنظير والابداع
250 _aالطبعة الاولى
264 3 1 _aعمان: دار المناهج للنشر والتوزيع، 2020
300 _a154ص
_b ويحتوي على قائمة مراجع من ص147ص- 154ص
336 _atext
_btxt
_2rdacontent
337 _aunmediated
_bn
_2rdamedia
338 _avolume
_bnc
_2rdacarrier
650 4 _aالشعر العربي الشعر المعاصر -ادب عربي
_960683
999 _aA27377
_c30945
_d30945